000 01522nam0a2200289 i 4500
001 RU\NLR\BIBL_A\016227463
005 20240727131259.0
021 _aRU
_b2022-7752а
_9АР-П-311
035 _a(RuMoRGB)011215709
035 _a(NLR Aleph) 016227463
090 _a12757033
_c12757033
100 _a20221205d2022 km y0rusy50 ca
101 0 _arus
102 _aRU
105 _ay|||dm|||||||
200 1 _aОценка влияния организационных рисков в деятельности строительных фирм
_eна примере предприятий Ирака
_eавтореферат дис. на соиск. уч. степ. кандидата технических наук
_eспециальность 05.02.22 Организация производства
_fШакир Зайнаб Наджи Шакир
_g[Место защиты: ФГБОУ ВО «Ивановский государственный политехнический университет»]
210 _aИваново
_d2022
215 _a20 с.
_d21
320 _aБиблиогр.: с. 19-20 (9 назв.)
345 _b2022.10.07
606 _aОрганизация производства
_2nsnr
615 _n05.02.22
_2nsnr
700 1 _aШакир
_bЗ. Н. Ш.
_gЗайнаб Наджи Шакир
_4070
856 4 _qapplication/pdf
_uhttp://dlib.rsl.ru/rsl01011000000/rsl01011215000/rsl01011215709/rsl01011215709.pdf
_yЧитать
911 _a15105.02.22
942 _cBOOK